| 000 | 00797pam a2200265 a 4500 | ||
|---|---|---|---|
| 001 | 4508222 | ||
| 003 | OSt | ||
| 005 | 20180423180226.0 | ||
| 008 | 980804s1999 nyua b 001 0 eng | ||
| 010 | _a 98040013 | ||
| 020 | _a0333930673 | ||
| 040 |
_aDLC _cDLC _dDLC |
||
| 043 | _ad------ | ||
| 082 | 0 | 0 |
_a332.673 _221 _bFIN 2001 |
| 100 |
_aEdited by Elliott, Armijo Leslie _912623 |
||
| 245 | 0 | 0 | _aFinancial Globalization and Democracy in Emerging Markets |
| 260 |
_aNew York; _bPalgrave, _c2001. |
||
| 300 |
_axvi, 348 p. : _bill. ; _c23 cm. |
||
| 504 | _aIncludes bibliographical references and index. | ||
| 650 | 0 |
_aEconomic development _912445 |
|
| 650 | 0 |
_aDemocracy _912446 |
|
| 650 | 0 |
_aMarkets _912624 |
|
| 906 |
_a7 _bcbc _corignew _d1 _eocip _f19 _gy-gencatlg |
||
| 942 |
_2ddc _cO_SHELF |
||
| 999 |
_c5997 _d5997 |
||